Dutch Provinces - Statistics

General Stats
  • This quiz has been taken 1,094 times
    1,087 since last reset
  • The average score is 10 of 12
Answer Stats
Answer % Correct
Noord Holland
93%
Zuid Holland
91%
Friesland
90%
Zeeland
90%
Utrecht
89%
Groningen
87%
Limburg
86%
Noord Brabant
86%
Flevoland
79%
Gelderland
78%
Drenthe
75%
Overijssel
71%
No matching quizzes found
Score Distribution
Percent of People with Each Score
Percentile by Number Answered
Your Score History
You have not taken this quiz since the last reset